[Event "AUTO-OPEN-1591"]
[Site "http://www.queenalice.com/game.php?id=675899"]
[Date "2009.11.1"]
[Round "2"]
[White "extinsion_extelar"]
[Black "noopy"]
[Result "0-1"]
[WhiteElo "1957"]
[BlackElo "1542"]

1. e4 d6 2. Nf3 e5 3. d4 Bg4 4. dxe5 Nc6 5. exd6 Bxd6 6. Bb5 Ne7 7. O-O O-O 8.
Bg5 h6 9. Bxc6 hxg5 10. Bxb7 Rb8 11. Ba6 Bxf3 12. Qxf3 Rxb2 13. Bd3 Qd7 14. Nd2
Bf4 15. Nc4 Rbb8 16. Rfd1 Ng6 17. g3 Ne5 18. Nxe5 Bxe5 19. Qh5 Bxa1 20. e5 g6
0-1

[Event "AUTO-OPEN-1591"]
[Site "http://www.queenalice.com/game.php?id=675902"]
[Date "2009.11.1"]
[Round "2"]
[White "Penroyal"]
[Black "extinsion_extelar"]
[Result "1-0"]
[WhiteElo "2073"]
[BlackElo "1923"]

1. d4 d5 2. c4 e6 3. Nc3 Nf6 4. cxd5 exd5 5. Bg5 Be7 6. e3 Bf5 7. Bxf6 Bxf6 8.
Qb3 b6 9. Qxd5 Qxd5 10. Nxd5 Bd8 11. Nf3 Be4 12. Nc3 Bxf3 13. gxf3 O-O 14. f4 c6
15. Bg2 a5 16. Ke2 Be7 17. d5 cxd5 18. Nxd5 Bc5 19. Nf6+ 1-0

[Event "AUTO-OPEN-1591"]
[Site "http://www.queenalice.com/game.php?id=675903"]
[Date "2009.11.1"]
[Round "2"]
[White "extinsion_extelar"]
[Black "Penroyal"]
[Result "0-1"]
[WhiteElo "1963"]
[BlackElo "2098"]

1. e4 e6 2. d4 d5 3. exd5 exd5 4. Nf3 Nc6 5. Bd3 Bg4 6. Nbd2 Nxd4 7. O-O Bd6 8.
c3 Nxf3+ 9. Nxf3 Ne7 10. Qa4+ Bd7 11. Qh4 Ng6 12. Qxd8+ Rxd8 13. Bg5 f6 14.
Rae1+ Kf7 15. Bd2 Rhe8 16. Rxe8 Rxe8 17. Re1 Rxe1+ 18. Nxe1 c5 19. c4 Be6 20.
cxd5 Bxd5 21. b3 Ne5 22. Bxh7 g6 23. f4 Nd7 24. f5 g5 25. Bg6+ Ke7 26. Nc2 Be4
27. Ne3 Ne5 28. Bh5 b5 29. Be2 a6 30. a4 Bd3 31. Bxd3 Nxd3 32. Nd5+ Kf7 33. a5
Be5 34. Nb6 c4 35. bxc4 b4 36. Nd5 b3 37. Bc3 b2 38. Bxb2 Nxb2 39. c5 Bd4+ 0-1

[Event "AUTO-OPEN-1621"]
[Site "http://www.queenalice.com/game.php?id=684936"]
[Date "2009.11.17"]
[Round "2"]
[White "extinsion_extelar"]
[Black "deltaboy"]
[Result "0-1"]
[WhiteElo "1927"]
[BlackElo "2314"]

1. e4 e5 2. Nf3 Nf6 3. d4 Nxe4 4. Nxe5 d6 5. Nf3 d5 6. Bd3 Bd6 7. Nc3 O-O 8. O-O
Nxc3 9. bxc3 Bg4 10. h3 Bh5 11. Bg5 Bxf3 12. Bxh7+ Kxh7 0-1

[Event "AUTO-OPEN-1621"]
[Site "http://www.queenalice.com/game.php?id=684937"]
[Date "2009.11.17"]
[Round "2"]
[White "deltaboy"]
[Black "extinsion_extelar"]
[Result "1-0"]
[WhiteElo "2304"]
[BlackElo "1925"]

1. Nf3 c5 2. e4 d6 3. c3 Nf6 4. e5 Nd5 5. Bc4 Nb6 6. Be2 Nc6 7. exd6 exd6 8. O-O
Be7 9. d4 d5 10. dxc5 Bxc5 11. Bf4 Bf5 12. Bd3 Bxd3 13. Qxd3 O-O 14. Nbd2 Bd6
15. Ng5 g6 16. Qh3 h5 17. Ne6 1-0

[Event "AUTO-OPEN-1638"]
[Site "http://www.queenalice.com/game.php?id=720083"]
[Date "2010.1.25"]
[Round "2"]
[White "Givanildo"]
[Black "extinsion_extelar"]
[Result "0-1"]
[WhiteElo "1391"]
[BlackElo "1990"]

1. e3 e5 2. Bc4 d5 3. Bb3 Nf6 4. h3 c5 5. c4 d4 6. e4 Bd6 7. Ba4+ Nc6 8. a3 O-O
9. Bxc6 bxc6 10. Qa4 Bd7 11. d3 Ne8 12. h4 Qb6 13. Nf3 f5 14. Bd2 Qxb2 15. h5
Qxa1 16. O-O Qb2 17. h6 fxe4 18. hxg7 Nxg7 19. dxe4 Bg4 20. Qxc6 Bxf3 21. Qd5+
Kh8 22. gxf3 Rg8 23. Qxd6 Nf5+ 24. Kh1 Nxd6 25. Ba5 Rg6 26. Bc7 Rh6+ 27. Kg2
Rg8# 0-1

[Event "AUTO-OPEN-1638"]
[Site "http://www.queenalice.com/game.php?id=720084"]
[Date "2010.1.25"]
[Round "2"]
[White "extinsion_extelar"]
[Black "Givanildo"]
[Result "1-0"]
[WhiteElo "1988"]
[BlackElo "1434"]

1. e4 e6 2. d4 Bd6 3. Nf3 h6 4. Bd3 Qe7 5. e5 Bb4+ 6. c3 Ba5 7. O-O g5 8. Na3 d5
9. Qa4+ Nc6 10. Bb5 Bd7 11. Bxc6 Bxc6 12. Qxa5 b6 13. Qb4 Qxb4 14. cxb4 g4 15.
Ne1 h5 16. b5 Bd7 17. Be3 O-O-O 18. Rc1 f5 19. Nd3 Ne7 20. Nb4 h4 21. Bg5 Rh7
22. Na6 h3 23. Rxc7# 1-0

[Event "AUTO-OPEN-1701"]
[Site "http://www.queenalice.com/game.php?id=736209"]
[Date "2010.2.22"]
[Round "2"]
[White "Alcar"]
[Black "extinsion_extelar"]
[Result "1-0"]
[WhiteElo "1690"]
[BlackElo "1935"]

1. d4 e6 2. e4 Nf6 3. Nc3 Bb4 4. Bd2 c5 5. dxc5 Nc6 6. Bc4 Bxc5 7. Nf3 O-O 8.
O-O d5 9. exd5 exd5 10. Bb3 d4 11. Na4 Bd6 12. Bg5 b5 13. Nxd4 Bxh2+ 14. Kxh2
Nxd4 15. Nc3 Qd6+ 16. Kg1 Ng4 17. g3 Bb7 18. Qxg4 Nf3+ 19. Qxf3 Bxf3 20. Bf4 Qg6
21. Bd5 Bxd5 22. Nxd5 Qxc2 23. b3 Kh8 24. Rfc1 Qe4 25. Nc7 Rac8 26. Nxb5 Rxc1+
27. Rxc1 a6 28. Nd6 Qd3 29. Nb7 f6 30. Nc5 Qe2 31. Nd7 Rd8 32. Kg2 g5 33. Be3
Rxd7 34. Rc8+ Kg7 35. Rc4 Re7 36. Ra4 Rxe3 37. Rxa6 Qxa6 38. fxe3 Qe2+ 39. Kh3
f5 40. a4 1-0

[Event "AUTO-OPEN-1701"]
[Site "http://www.queenalice.com/game.php?id=736210"]
[Date "2010.2.22"]
[Round "2"]
[White "extinsion_extelar"]
[Black "Alcar"]
[Result "1-0"]
[WhiteElo "1992"]
[BlackElo "1642"]

1. e4 c5 2. Nf3 Nc6 3. Bc4 e6 4. Nc3 a6 5. d4 d6 6. dxc5 dxc5 7. Qxd8+ Nxd8 8.
Be3 Nc6 9. a3 b6 10. Rd1 Be7 11. e5 Bb7 12. O-O b5 13. Be2 f6 14. Ne4 Nxe5 15.
Nxe5 fxe5 16. Nxc5 Bd5 17. Nd3 e4 18. Nf4 Bc6 19. Nxe6 Rc8 20. Nxg7+ Kf7 21. Bd4
Bf6 22. Nf5 Bxd4 23. Nd6+ 1-0

[Event "AUTO-OPEN-1701"]
[Site "http://www.queenalice.com/game.php?id=736213"]
[Date "2010.2.22"]
[Round "2"]
[White "Plis"]
[Black "extinsion_extelar"]
[Result "1-0"]
[WhiteElo "2427"]
[BlackElo "1878"]

1. e4 e5 2. Nf3 Nc6 3. Bb5 Nf6 4. d3 Bd6 5. Ba4 O-O 6. Nc3 a6 7. Bg5 b5 8. Bb3
Be7 9. a4 b4 10. Bxf6 bxc3 11. Bxe7 Qxe7 12. bxc3 Na5 13. O-O Bb7 14. Ba2 Rad8
15. Qb1 Rb8 16. Qb4 Qxb4 17. cxb4 Nc6 18. b5 axb5 19. axb5 Nd4 20. Nxe5 1-0

[Event "AUTO-OPEN-1701"]
[Site "http://www.queenalice.com/game.php?id=736214"]
[Date "2010.2.22"]
[Round "2"]
[White "extinsion_extelar"]
[Black "Plis"]
[Result "0-1"]
[WhiteElo "1876"]
[BlackElo "2428"]

1. e4 c5 2. Nf3 Nc6 3. d4 cxd4 4. Nxd4 e5 5. Nf3 Bc5 6. Bc4 Nf6 7. Nc3 O-O 8.
O-O d6 9. Bg5 h6 10. Bh4 Bg4 11. Nd5 g5 12. Nxf6+ Qxf6 13. Bg3 Nd4 14. Be2 Nxe2+
15. Qxe2 Qg6 16. Rae1 h5 17. h3 Be6 18. h4 Rac8 19. Nxg5 Bc4 0-1

[Event "AUTO-OPEN-1638"]
[Site "http://www.queenalice.com/game.php?id=751128"]
[Date "2010.3.24"]
[Round "3"]
[White "extinsion_extelar"]
[Black "jalvez"]
[Result "1-0"]
[WhiteElo "1994"]
[BlackElo "2197"]

1. e4 c5 2. Nf3 Nc6 3. d4 cxd4 4. Nxd4 Nf6 5. Nc3 e6 6. Be3 Bb4 7. Bd3 Qa5 8.
O-O Bxc3 9. bxc3 Qxc3 10. Nb5 Qe5 11. f4 Qb8 12. Bc5 d5 13. Bd6 a6 14. Bxb8 Rxb8
15. Nd6+ Ke7 16. e5 Nd7 17. Qh5 g6 18. Qg5+ Kf8 19. Qh6+ 1-0

[Event "AUTO-OPEN-1638"]
[Site "http://www.queenalice.com/game.php?id=751129"]
[Date "2010.3.24"]
[Round "3"]
[White "jalvez"]
[Black "extinsion_extelar"]
[Result "1-0"]
[WhiteElo "2128"]
[BlackElo "1976"]

1. e4 e5 2. Nf3 Nc6 3. Bc4 Nf6 4. O-O Be7 5. Nc3 O-O 6. d4 exd4 7. Nxd4 Bc5 8.
Nxc6 bxc6 9. Bg5 h6 10. Bh4 Re8 11. Qf3 Rb8 12. b3 d6 13. Rad1 g5 14. Bg3 Bg4
15. Qd3 Bxd1 16. Rxd1 Kg7 17. h4 Nh5 18. hxg5 Qxg5 19. Bh2 Re7 20. Qf3 Rf8 21.
Ne2 f5 22. Qc3+ 1-0

[Event "AUTO-ADV-1721"]
[Site "http://www.queenalice.com/game.php?id=758197"]
[Date "2010.4.8"]
[Round "1"]
[White "vila1"]
[Black "extinsion_extelar"]
[Result "1-0"]
[WhiteElo "1898"]
[BlackElo "1909"]

1. c4 Nf6 2. g3 e6 3. Bg2 Be7 4. Nc3 c5 5. Nf3 d5 6. cxd5 exd5 7. d4 Nc6 8. e3
Bf5 9. O-O O-O 10. Re1 Ne4 11. dxc5 Bxc5 12. Qxd5 Qxd5 13. Nxd5 Rad8 14. Nc3
Nxc3 15. bxc3 Rd3 16. Bb2 1-0

[Event "AUTO-ADV-1721"]
[Site "http://www.queenalice.com/game.php?id=758198"]
[Date "2010.4.8"]
[Round "1"]
[White "extinsion_extelar"]
[Black "vila1"]
[Result "0-1"]
[WhiteElo "1893"]
[BlackElo "1914"]

1. e4 e6 2. d4 d5 3. Nd2 c5 4. Ngf3 Nc6 5. c3 cxd4 6. Nxd4 Bd7 7. exd5 Nxd4 8.
cxd4 exd5 9. Bd3 Nf6 10. O-O Be7 11. Re1 O-O 12. Nf1 Bb4 13. Bd2 Qb6 14. Bc3
Bxc3 15. bxc3 Rfe8 0-1

[Event "AUTO-ADV-1721"]
[Site "http://www.queenalice.com/game.php?id=758213"]
[Date "2010.4.8"]
[Round "1"]
[White "gedalias"]
[Black "extinsion_extelar"]
[Result "1-0"]
[WhiteElo "1964"]
[BlackElo "1966"]

1. e4 e5 2. Nf3 Nf6 3. Nxe5 Nxe4 4. Qe2 d5 5. d3 Qe7 6. Nxf7 Nxf2 7. Qxe7+ Bxe7
8. Nxh8 Nxh1 9. Bf4 Bc5 10. Nc3 Bf2+ 11. Ke2 Bg4+ 12. Kd2 Kf8 13. Nxd5 Na6 14.
Be2 Bxe2 15. Kxe2 Re8+ 16. Ne3 Bxe3 17. Bxe3 Nb4 18. Kd2 Rxe3 19. Rxh1 Re7 20.
a3 Nd5 21. Ng6+ 1-0

[Event "AUTO-ADV-1721"]
[Site "http://www.queenalice.com/game.php?id=758214"]
[Date "2010.4.8"]
[Round "1"]
[White "extinsion_extelar"]
[Black "gedalias"]
[Result "0-1"]
[WhiteElo "1950"]
[BlackElo "1980"]

1. e4 c5 2. Nf3 Nc6 3. c3 e5 4. d4 cxd4 5. cxd4 exd4 6. Nxd4 Be7 7. Bc4 Nf6 8.
Nc3 O-O 9. O-O d6 10. Qd3 Nxd4 11. Qxd4 Bd7 12. Bg5 Bc6 13. b4 a6 14. Rad1 Qc7
15. a4 Ne8 16. Bxe7 Qxe7 17. Rd3 Qe5 18. f4 Qxd4+ 19. Rxd4 Nf6 20. b5 axb5 21.
axb5 Bd7 0-1

[Event "AUTO-ADV-1721"]
[Site "http://www.queenalice.com/game.php?id=758225"]
[Date "2010.4.8"]
[Round "1"]
[White "extinsion_extelar"]
[Black "callende"]
[Result "0-1"]
[WhiteElo "2018"]
[BlackElo "1866"]

1. e4 c6 2. d4 d5 3. Nd2 Nf6 4. e5 Ne4 5. Ngf3 Bg4 6. Be2 Bh5 7. Nxe4 dxe4 8.
Ng5 Bg6 9. Bh5 f6 10. Ne6 Qa5+ 11. Bd2 Qb6 12. Bxg6+ hxg6 13. Qg4 Kf7 14. Nf4 g5
15. Qe6+ Ke8 16. Qc8+ Qd8 17. Qxb7 Nd7 18. Ne6 Qc8 19. Nc7+ Kf7 0-1

[Event "AUTO-ADV-1721"]
[Site "http://www.queenalice.com/game.php?id=758226"]
[Date "2010.4.8"]
[Round "1"]
[White "callende"]
[Black "extinsion_extelar"]
[Result "1-0"]
[WhiteElo "1888"]
[BlackElo "1996"]

1. d4 d5 2. Bg5 Bf5 3. Nc3 Nf6 4. Nf3 Nbd7 5. Ne5 h6 6. Bh4 c6 7. e4 Nxe4 8. g4
Nxc3 9. bxc3 Nxe5 10. gxf5 Nd7 11. c4 Nf6 12. Rb1 Qd7 13. cxd5 Qxd5 14. Rg1 Qe4+
15. Be2 Qxh4 16. Rxb7 Ne4 17. Rg2 e6 18. Qb1 Bd6 19. fxe6 O-O 20. Qb3 1-0